Likvidácia poistných udalostí v neživotnom poistení bakalárska práca

Gespeichert in:
Bibliographische Detailangaben
1. Verfasser: Muchová, Soňa
Körperschaft: Národohospodárska fakulta EU. Katedra poisťovníctva
Weitere Verfasser: Dlábiková, Hana
Format: Buch
Sprache:Slowakisch
Veröffentlicht: Bratislava 2011
Tags: Tag hinzufügen
Keine Tags, Fügen Sie das erste Tag hinzu!

MARC

LEADER 00000nbm a2200000 4500
001 0139733
005 20161109111642.3
041 0 |a slo 
044 |a SK 
245 1 0 |a Likvidácia poistných udalostí v neživotnom poistení  |b bakalárska práca  |c Soňa Muchová ; školiteľ: Hana Dlábiková 
264 1 |a Bratislava  |c 2011 
300 |a 40 s. 
100 1 |a Muchová, Soňa 
700 1 |a Dlábiková, Hana 
710 2 |a Národohospodárska fakulta EU. Katedra poisťovníctva